Statistics for Pokémon Trivia - Fairy Type

Click here to take the quiz!

General Stats

  • This quiz has been taken 7 times
  • The average score is 6 of 10

Answer Stats

QuestionAnswer% Correct
Which types is Fairy super effective against?Dragon, Fighting, Dark
100%
What is the Fairy type weak to?Poison, Steel
100%
Which of these is not an ability exclusive to Fairy type Pokémon?Fluffy
80%
Which of these items powers up Fairy type moves?None of the Above
80%
What type is most commonly paired with Fairy?Psychic
60%
Which of these methods is NOT used to evolve a Pokémon into a Fairy type Pokémon?All of them are used.
40%
Which generation introduced the least amount of Fairy types, after its' introduction in generation 6?Generation 9
40%
Which of the following about the Fairy type is true?Every type that resists Fairy is weak to Ground
20%
Misty Terrain has many effects. Which of these is NOT one of them?Halves the power of Dragon moves on grounded Pokémon
20%
What is the strongest Fairy type move with a set base power level? (Non Z-Move)Light of Ruin
20%

Score Distribution

Percentile by Number Answered

Percent of People with Each Score

Your Score History

You have not taken this quiz